ბათუმის შოთა რუსთაველის სახელმწიფო უნივერსიტეტის ბიბლიოთეკა

ქართული პოლიტიკური ზეპირმეტყველების ანალიზი გენდერულ ჭრილში / (ბიბ.ჩანაწერი № 63214)

000 -ლიდერი
ფიქსირებული სიგრძის საკონტროლო ველი 01499nam a22002417a 4500
003 - საკონტროლო ნომრის იდენტიფიკატორი
საკონტროლო ველი Ge_BSU
005 - ბოლო ოპერაციის თარიღი და დრო
საკონტროლო ველი 20250630145230.0
008 - ფიქსირებული სიგრძის მონაცემთა ელემენტები - ზოგადი ინფორმაცია
ფიქსირებული სიგრძის საკონტროლო ველი 250630s2025 ge ||||| |||| 00| 0 geo d
020 ## - წიგნის საერთაშორისო სტანდარტული ნომერი
International Standard Book Number 9789941995514
041 ## - ენის კოდი
Language code of text/sound track or separate title geo
080 ## - უნივერსალური ათობითი კლასიფიკაციის ინდექსი
Universal Decimal Classification number 32(479.22): 396(479.22) ც-51
100 ## - მთავარი ჩანაწერი - პიროვნების სახელი
Personal name ცეცხლაძე, თათია
9 (RLIN) 10407
245 ## - ცნობა სათაურის შესახებ
Title ქართული პოლიტიკური ზეპირმეტყველების ანალიზი გენდერულ ჭრილში /
Statement of responsibility, etc თათია ცეცხლაძე; რედაქტორები: მანანა თანდაშვილი, მარიამ ყამარაული.
264 ## - წარმოების, გამოცემის, დისტრიბუციის და სხვა ცნობები
გამოცემის, წარმოების, დისტრიბუციის... ადგილი ბათუმი,
გამოცემის, წარმოების, დისტრიბუციის... თარიღი 2025.
300 ## - ფიზიკური აღწერა
Extent 208 გვ. :
Other physical details გრაფ., ცხრ. ;
Dimensions 20 სმ.
500 ## - ზოგადი შენიშვნა
General note კვლევა განხორციელდა შოთა რუსთაველის საქართველოს ეროვნული სამეცნიერო ფონდის მხარდაჭერით.
504 ## - BIBLIOGRAPHY, ETC. NOTE
Bibliography, etc ბიბლიოგრაფია: გვ.207-208
653 ## - INDEX TERM--UNCONTROLLED
Uncontrolled term პოლიტიკური ზეპირმეტყველება
653 ## - INDEX TERM--UNCONTROLLED
Uncontrolled term პოლტიკა
700 ## - ADDED ENTRY--PERSONAL NAME
Personal name თანდაშვილი, მანანა
Relator term რედაქტორი
9 (RLIN) 2139
700 ## - ADDED ENTRY--PERSONAL NAME
Personal name ყამარაული, მარიამ
Relator term რედაქტორი
9 (RLIN) 25571
942 ## - ADDED ENTRY ELEMENTS (KOHA)
Source of classification or shelving scheme
Koha item type წიგნი
ეგზემპლარები
ჩამოწერის სტატუსი დაკარგული ეგზემპლარის სტატუსი კლასიფიკაციის წყარო ან თაროზე გაწყობის სქემა დაზიანების სტატუსი არ გაიცემა მუდმივი მდებარეობა (დაცვის ადგილი) ამჟამინდელი ადგილსამყოფელი თაროზე განთავსების ადგილი შეძენის თარიღი ღირებულება, შესყიდვის ნორმალური ფასი სრული შენახვის შიფრი შტრიხკოდი ბოლო ოპერაციის თარიღი ეგზემპლარის მიმდევრობითი ნომერი (კეტერი?) Uniform Resource Identifier ფასის ძალაში შესვლის თარიღი ეგზემპლარის სახეობა საჯარო შენიშვნა
          ბათუმის შოთა რუსთაველის სახელმწიფო უნივერსიტეტის მთავარი ბიბლიოთეკა ბათუმის შოთა რუსთაველის სახელმწიფო უნივერსიტეტის მთავარი ბიბლიოთეკა წიგნსაცავი 2025-06-30 10.00 32(479.22): 396(479.22) ც-51 74994 2025-06-30 74994 ნაჩუქარი 2025-06-30 წიგნი 10 ლ.